000 00981nam a2200265Ia 4500
003 OSt
005 20220923222312.0
006 a|||||r|||| 00| 0
007 ta
008 220922b |||||||| |||| 00| 0 guj d
024 _a204,399
037 _cTextual
040 _aARTS
_cARTS
_bguj
041 _2guj
_aguj
082 _aO156,1M36w, 152N2
100 _aशुक्ला, रमेश म0; अरोरा, ज्ञानवती, अनु.
_9166690
245 0 _aनवलराम
246 _aNavalarāma
260 _aनई दिल्ली
_b साहित्य अकादमी
_c1992
300 _a84पृ0
_ccm.
490 _aभारतीय साहित्य के निर्माता
650 _aगुजराती साहित्य
942 _hO156,1M36w, 152N2
_cTEXL
_2CC
999 _c355148
_d355148